• 首页
  • 本馆介绍
  • 公告通知
  • 最新文献
  • 馆藏检索
  • 电子资源
  • 读者导购
  • 参考咨询
  • 我的图书馆
  • 登录
  • 详细信息显示
  • 放入我的书架
  • 预约/预借图书
  • 作者相关作品
  • 分类相关作品
  • 丛书相关作品
  • 出版社相关作品

书目信息

  • 表格格式
  • 工作单格式
  • 卡片格式
题名:
对外汉语本体教学概论
    
 
作者: 张旺熹 主编
分册:  
出版信息: 北京   商务印书馆  2013
页数: 309页
开本: 24cm
丛书名:
单 册:
中图分类: H195.1
科图分类:
主题词: 对外汉语教学--教学研究
电子资源:
ISBN: 978-7-100-09608-9
000 00869nam0 2200241 450
001 338032
005 20150529104623.40
010    @a978-7-100-09608-9@dCNY42.00
100    @a20131024d2013 em y0chiy50 ea
101 0  @achi
102    @aCN@b110000
105    @ay z 000yy
106    @ar
200 1  @a对外汉语本体教学概论@Adui wai han yu ben ti jiao xue gai lun@f张旺熹主编
210    @a北京@c商务印书馆@d2013
215    @a309页@d24cm
300    @a商务馆对外汉语专业本科系列教材/赵金铭等总主编
330    @a本书分为七章, 除第一章绪论最后一章结语外, 从语音、词汇、语法和文字等语言要素方面, 对国际汉语教学的本体教学进行了概论性的介绍, 为对外汉语专业学生奠定从事对外汉语教学的基本知识。
606 0  @a对外汉语教学@x教学研究
690    @aH195.1@v5
701  0 @a张旺熹@Azhang wang xi@f(1962)@4主编
801  0 @aCN@b卓展宏图@c20150525
905    @dH195.1@e332@f3
    
    对外汉语本体教学概论/张旺熹主编.-北京:商务印书馆,2013
    309页;24cm
    商务馆对外汉语专业本科系列教材/赵金铭等总主编
    
    ISBN 978-7-100-09608-9:CNY42.00
    本书分为七章, 除第一章绪论最后一章结语外, 从语音、词汇、语法和文字等语言要素方面, 对国际汉语教学的本体教学进行了概论性的介绍, 为对外汉语专业学生奠定从事对外汉语教学的基本知识。
●
相关链接 在E读中查询图书 在五车中查询图书 在当当中查询图书 在豆瓣中查询图书


正题名:对外汉语本体教学概论     索取号:H195.1/332         预约/预借

序号 登录号 条形码 馆藏地/架位号 状态 备注
1 857152   208571525   第二样本阅览室/ [索取号:H195.1/332] 在馆    
2 857153   208571534   密集书库-文学院/ [索取号:H195.1/332] 在馆    
3 857154   208571543   第四借阅区/ [索取号:H195.1/332] 在馆    
唐山师范学院图书馆 欢迎您!
大连网信软件有限公司© 版权所有